000 02641nam0a2200397 4500
001 RU\NLR\bibl\806246
005 20260531055748.0
021 _aRU
_b2005-4194
_9206
035 _aRSL-KNO-002567698
035 _a(NLR Aleph) 000795366
090 _a1147603
_c1147603
100 _a20050210d2005 |||y0rusy50 ca
101 0 _arus
102 _aRU
105 _aa |||||||||
106 _ar
200 1 _aПогрешности измерений характеристик ионизирующих излучений
_eучеб. пособие
_fС. Г. Кондратенко, Ю. Н. Яковлев
_gАкад. стандартизации, метрологии и сертификации
210 _aМ.
_cАСМС
_d2005
215 _a31, [1] с.
_cил.
_d21
300 _aНа обороте тит.л. авт.: профессора С.Г. Кондратенко и Ю.Н. Яковлев
320 _aБиблиогр.: с. 31 (6 назв.)
606 1 _aИонизирующее излучение
_jУчебные издания для высших учебных заведений
_xИзмерение
_92343399
_3RU\NLR\auth\661400565
610 0 _aФизико-математические науки -- Физика -- Физика атомного ядра и элементарных частиц -- Прохождение частиц через вещество -- Прохождение заряженных частиц через вещество -- Применение ЭВМ -- Учебник для высшей школы
610 0 _aФизико-математические науки -- Физика -- Физика атомного ядра и элементарных частиц -- Экспериментальные методы и аппаратура -- Дозиметрия и радиационная защита в ядерно-физическом эксперименте -- Применение ЭВМ -- Учебник для высшей школы
686 _aВ386.1с31я73-1
_2rubbk
686 _aВ381.08с31я73-1
_2rubbk
686 _aЗ42-5-019я73-1
700 1 _4070
_8rus
_7ca
_aКондратенко
_bС. Г.
_gСергей Григорьевич
_cд-р техн. наук, метрология
_3RU\NLR\auth\7720702
_93769
701 1 _4070
_8rus
_7ca
_aЯковлев
_bЮ. Н.
_cд-р техн. наук, метрология
_gЮрий Николаевич
_3RU\NLR\auth\7728028
_911059
801 0 _aRU
_bRuMoRKP
_c20050210
_grcr
801 1 _aRU
_bRuMoRGB
_c20050210
801 2 _aRU
_bNLR
_c20050602
_gPSBO
942 _cBOOK
980 _aNB